| 000 | 00672nam a2200217Ia 4500 | ||
|---|---|---|---|
| 001 | 17210 | ||
| 003 | GE_BSU | ||
| 008 | 181216s||||||||xx |||||||||||||| ||und|| | ||
| 040 | _cGE_BSU | ||
| 100 | _aდავითაძე, ემენ | ||
| 245 | _aვაზის გახიზვნა : პოემა | ||
| 245 | _bპოემა | ||
| 245 | _cრედ.ზ. ფირცხალაიშვილი | ||
| 260 | _aბათუმი | ||
| 260 | _bსაბჭ. აჭარა | ||
| 260 | _c1985 | ||
| 300 | _a127გვ. : პორტრ. ; 14სმ. | ||
| 653 | _aვაზის გახიზვნა | ||
| 653 | _aპოემა | ||
| 942 | _cBK | ||
| 999 |
_c50271 _d50271 |
||